The Sleeping Beauty = La bella durmiente /

A beautiful princess is put into a deep sleep by a curse until she is awakened by a brave prince.

Bibliographic Details
Main Author: Desclot, Miquel, 1952-
Other Authors: Abbrederis, Christoph
Format: Book
Language:English
Spanish
Published: San Francisco : Chronicle Books, 2003.
Subjects:

MARC

Tag First Indicator Second Indicator Subfields
LEADER 00000cam a22000004a 4500
001 in00001819721
005 20151026054613.0
008 020521s2003 caua b 000 0 eng
010 |a  2002007788 
020 |a 0811839125 (hardcover) 
020 |a 0811839133 (pbk.) 
035 |a (OCoLC)ocm49875057 
040 |a DLC  |c DLC  |d OCLCQ  |d TEF  |d TXA  |d UtOrBLW 
041 0 |a eng  |a spa 
042 |a pcc 
049 |a TXAM 
050 0 0 |a PZ74  |b .D44 2003 
082 0 0 |a 398.2  |2 21 
100 1 |a Desclot, Miquel,  |d 1952- 
245 1 4 |a The Sleeping Beauty =  |b La bella durmiente /  |c adaptation by Miquel Desclot ; illustrated by Christoph Abbrederis. 
246 3 1 |a Bella durmiente 
246 3 1 |a La bella durmiente  
264 1 |a San Francisco :  |b Chronicle Books,  |c 2003. 
300 |a 26 unnumbered pages :  |b color illustrations ;  |c 22 cm. 
336 |a text  |b txt  |2 rdacontent 
337 |a unmediated  |b n  |2 rdamedia 
338 |a volume  |b nc  |2 rdacarrier 
520 |a A beautiful princess is put into a deep sleep by a curse until she is awakened by a brave prince. 
650 1 |a Fairy tales. 
650 1 |a Folklore. 
700 1 2 |a Desclot, Miquel,  |d 1952-  |t Sleeping Beauty.  |l English. 
700 1 2 |a Desclot, Miquel,  |d 1952-  |t Sleeping Beauty.  |l Spanish. 
700 1 |a Abbrederis, Christoph. 
730 0 |a Sleeping Beauty.  |l English & Spanish. 
948 |a cataloged  |b h  |c 2004/9/21  |d c  |e jgreene  |f 5:00:18 pm 
994 |a E0  |b TXA 
999 |a MARS 
999 f f |s 6fcf3388-60b8-3315-acab-d2314f1cd5c5  |i 636f30ba-bbec-3c0d-9795-5749ded19405  |t 0 
952 f f |p ric  |a Texas A&M University  |b Rellis Campus  |c Joint Library Facility  |d Remote Storage  |t 0  |e PZ74 .D44 2003  |h Library of Congress classification  |i unmediated -- volume  |m A14833083238 
998 f f |a PZ74 .D44 2003  |t 0  |l Remote Storage